书目信息 |
| 题名: |
家具设计
|
|
| 作者: | 许柏鸣 编著 | |
| 分册: | ||
| 出版信息: | 北京 中国轻工业出版社 2000.02 |
|
| 页数: | 244页 | |
| 开本: | 16开 | |
| 丛书名: | ||
| 单 册: | ||
| 中图分类: | TS664.01 | |
| 科图分类: | ||
| 主题词: | 木制品 | |
| 电子资源: | ||
| ISBN: | 7-5019-1693-4 | |
| 000 | 00534nam0 2200193 45 | |
| 001 | 0012181161 | |
| 005 | 20001218111952.2 | |
| 010 | @a7-5019-1693-4@d45.00元 | |
| 100 | @a20001218d2000 km y0chiy0120 ea | |
| 101 | 0 | @achi |
| 105 | @a z 000yy | |
| 200 | 1 | @a家具设计@AJia Ju She Ji@f许柏鸣编著@FXu Bai Ming Bian Zhu |
| 210 | @a北京@c中国轻工业出版社@d2000.02 | |
| 215 | @a244页@d16开 | |
| 606 | 0 | @a木制品 |
| 690 | @aTS664.01@v3 | |
| 701 | 0 | @a许柏鸣@4编著 |
| 801 | @aCN@bPftUser@c20001218 | |
| 905 | @b308432-434@dTS664.01@eX521@f3 | |
| 家具设计/许柏鸣编著.-北京:中国轻工业出版社,2000.02 |
| 244页;16开 |
| ISBN 7-5019-1693-4:45.00元 |
| ● |
| 相关链接 |
|
|
|
正题名:家具设计
索取号:TS664.01/X521
 
预约/预借
| 序号 | 登录号 | 条形码 | 馆藏地/架位号 | 状态 | 备注 |
| 1 | 308432 | 203084321 | 自科库501/501自科库 42排7列3层/ [索取号:TS664.01/X521] | 在馆 | |
| 2 | 308433 | 203084330 | 自科二线504/504自科库 30排2列5层/ [索取号:TS664.01/X521] | 在馆 | |
| 3 | 308434 | 203084349 | 自科二线504/504自科库 30排2列5层/ [索取号:TS664.01/X521] | 在馆 |